Logos des équipes du Championnat suisse de Hockey sur glace - Statistiques

Statistiques générales
  • Ce quiz a été pris 720 fois
  • Le résultat moyen est 12 sur 14
Statistiques - réponses
Par images Réponse % Correct
CP Berne
97%
Fribourg-Gottéron
94%
Genève-Servette HC
94%
Lausanne HC
92%
ZSC Lions
91%
HC Davos
89%
HC Lugano
84%
HC Ajoie
83%
HC Bienne
83%
EV Zoug
82%
HC Ambri Piotta
82%
EHC Kloten
80%
SCL Tigers
77%
SC Rapperswil-Jona Lakers
71%
Aucun quiz correspondant
Distribution des résultats
% des personnes avec chaque résultat
Percentile par nombre de réponses
Votre historique - résultats
Vous n’avez pas pris ce quiz